<?xml version="1.0" encoding="UTF-8"?>
<record
    xmlns:xsi="http://www.w3.org/2001/XMLSchema-instance"
    xsi:schemaLocation="http://www.loc.gov/MARC21/slim http://www.loc.gov/standards/marcxml/schema/MARC21slim.xsd"
    xmlns="http://www.loc.gov/MARC21/slim">

  <leader>00692nam a22002057a 4500</leader>
  <controlfield tag="003">OSt</controlfield>
  <controlfield tag="005">20260630100837.0</controlfield>
  <controlfield tag="008">260630b        |||||||| |||| 00| 0 eng d</controlfield>
  <datafield tag="020" ind1=" " ind2=" ">
    <subfield code="a">9780325008639</subfield>
  </datafield>
  <datafield tag="040" ind1=" " ind2=" ">
    <subfield code="c">Chuka University Library</subfield>
  </datafield>
  <datafield tag="050" ind1=" " ind2=" ">
    <subfield code="a">LB 1576</subfield>
    <subfield code="b">.C35 2006 4</subfield>
  </datafield>
  <datafield tag="100" ind1=" " ind2=" ">
    <subfield code="a">Calkins, Lucy</subfield>
    <subfield code="9">27666</subfield>
  </datafield>
  <datafield tag="245" ind1=" " ind2=" ">
    <subfield code="a">Launching The Writing Workshop Grades 3-5</subfield>
  </datafield>
  <datafield tag="260" ind1=" " ind2=" ">
    <subfield code="a">New Hampshire</subfield>
    <subfield code="b">Firsthand Heinemann</subfield>
    <subfield code="c">2006</subfield>
  </datafield>
  <datafield tag="300" ind1=" " ind2=" ">
    <subfield code="a">184p</subfield>
    <subfield code="b">Illustrations</subfield>
  </datafield>
  <datafield tag="650" ind1=" " ind2=" ">
    <subfield code="a">English language Composition an exercises Study and teaching (Primary) United States</subfield>
    <subfield code="9">31973</subfield>
  </datafield>
  <datafield tag="650" ind1=" " ind2=" ">
    <subfield code="a">Curriculum Planning United States</subfield>
    <subfield code="9">26921</subfield>
  </datafield>
  <datafield tag="700" ind1=" " ind2=" ">
    <subfield code="a">Marjorie Martinelli(Author)</subfield>
    <subfield code="9">31983</subfield>
  </datafield>
  <datafield tag="942" ind1=" " ind2=" ">
    <subfield code="2">lcc</subfield>
    <subfield code="c">BK</subfield>
    <subfield code="n">0</subfield>
  </datafield>
  <datafield tag="952" ind1=" " ind2=" ">
    <subfield code="0">0</subfield>
    <subfield code="1">0</subfield>
    <subfield code="2">lcc</subfield>
    <subfield code="4">0</subfield>
    <subfield code="7">0</subfield>
    <subfield code="8">LGL</subfield>
    <subfield code="a">CHK</subfield>
    <subfield code="b">CHK</subfield>
    <subfield code="c">GEN</subfield>
    <subfield code="d">2026-06-30</subfield>
    <subfield code="e">Donations from Books for Africa</subfield>
    <subfield code="g">695.20</subfield>
    <subfield code="l">0</subfield>
    <subfield code="o">LB 1576 .C35 2006</subfield>
    <subfield code="p">36451/2026</subfield>
    <subfield code="r">2026-06-30 10:11:23</subfield>
    <subfield code="t">4</subfield>
    <subfield code="w">2026-06-30</subfield>
    <subfield code="y">BK</subfield>
  </datafield>
  <datafield tag="952" ind1=" " ind2=" ">
    <subfield code="0">0</subfield>
    <subfield code="1">0</subfield>
    <subfield code="2">lcc</subfield>
    <subfield code="4">0</subfield>
    <subfield code="7">0</subfield>
    <subfield code="8">LGL</subfield>
    <subfield code="a">CHK</subfield>
    <subfield code="b">CHK</subfield>
    <subfield code="c">GEN</subfield>
    <subfield code="d">2026-06-30</subfield>
    <subfield code="e">Donations from Books for Africa</subfield>
    <subfield code="g">695.20</subfield>
    <subfield code="l">0</subfield>
    <subfield code="o">LB 1576 .C35 2006</subfield>
    <subfield code="p">36449/2026</subfield>
    <subfield code="r">2026-06-30 10:12:44</subfield>
    <subfield code="t">2</subfield>
    <subfield code="w">2026-06-30</subfield>
    <subfield code="y">BK</subfield>
  </datafield>
  <datafield tag="952" ind1=" " ind2=" ">
    <subfield code="0">0</subfield>
    <subfield code="1">0</subfield>
    <subfield code="2">lcc</subfield>
    <subfield code="4">0</subfield>
    <subfield code="7">0</subfield>
    <subfield code="8">LGL</subfield>
    <subfield code="a">CHK</subfield>
    <subfield code="b">CHK</subfield>
    <subfield code="c">GEN</subfield>
    <subfield code="d">2026-06-30</subfield>
    <subfield code="e">Donations from Books for Africa</subfield>
    <subfield code="g">695.20</subfield>
    <subfield code="l">0</subfield>
    <subfield code="o">LB 1576 .C35 2006</subfield>
    <subfield code="p">36448/2026</subfield>
    <subfield code="r">2026-06-30 10:13:47</subfield>
    <subfield code="t">1</subfield>
    <subfield code="w">2026-06-30</subfield>
    <subfield code="y">BK</subfield>
  </datafield>
  <datafield tag="952" ind1=" " ind2=" ">
    <subfield code="0">0</subfield>
    <subfield code="1">0</subfield>
    <subfield code="2">lcc</subfield>
    <subfield code="4">0</subfield>
    <subfield code="7">0</subfield>
    <subfield code="8">LGL</subfield>
    <subfield code="a">CHK</subfield>
    <subfield code="b">CHK</subfield>
    <subfield code="c">GEN</subfield>
    <subfield code="d">2026-06-30</subfield>
    <subfield code="e">Donations from Books for Africa</subfield>
    <subfield code="g">695.20</subfield>
    <subfield code="l">0</subfield>
    <subfield code="o">LB 1576 .C35 2006</subfield>
    <subfield code="p">36450/2026</subfield>
    <subfield code="r">2026-06-30 10:14:52</subfield>
    <subfield code="t">3</subfield>
    <subfield code="w">2026-06-30</subfield>
    <subfield code="y">BK</subfield>
  </datafield>
  <datafield tag="999" ind1=" " ind2=" ">
    <subfield code="c">25583</subfield>
    <subfield code="d">25583</subfield>
  </datafield>
</record>
